| 000 | 02930nkm0a2200505 4500 | ||
|---|---|---|---|
| 001 | RU\NLR\BIBL_A\022646513 | ||
| 005 | 20260405181720.0 | ||
| 035 | _a(NLR Aleph) 022646513 | ||
| 071 | 5 | 0 |
_a5851 _d35 коп. _9100000 |
| 090 |
_a88974 _c88974 |
||
| 100 | _a20251017d1942 u y0rusy50 ca | ||
| 101 | 0 | _arus | |
| 102 | _aRU | ||
| 116 | _aiiycxx bf ad | ||
| 135 | _acrcn 024anaba | ||
| 181 | 0 |
_ab4 _bxb2e |
|
| 182 | 0 | _an | |
| 200 | 1 |
_aБоец Красной армии! Смело и стойко бейся с врагом за жизнь детей, за честь жены, за родной дом, за Родину! _e[плакат] _fхудожники В. Иванов и О. Бурова _gредактор Е. Поволоцкая |
|
| 203 |
_aИзображение _bнеподвижное _bдвухмерное _bвизуальное _cнепосредственное |
||
| 210 |
_aМосква _aЛенинград _cИскусство _d1942 _eМосква _gТип. "Красный пролетарий" |
||
| 215 |
_a1 л. _cхромолитогр. _d57,5х20,5 |
||
| 300 | _aВ вып. дан.: Л 92529 от 27/VIII 1942 г.; Заказ № 738 | ||
| 301 | _aИзд. номер: № 5851 | ||
| 325 | _aКопия доступна в Электрон. б-ке РНБ | ||
| 606 | 1 |
_aПлакат русский советский _z1941 - 1945 _2nlr_sh2 _3RU\NLR\AUTH\661423877 _92387198 |
|
| 606 | 1 |
_aВеликая Отечественная война _z1941 - 1945 _jПлакаты _2nlr_sh1 _2nlr_sh2 _3RU\NLR\AUTH\668893 _9903571 |
|
| 606 | 1 |
_aДети в Великой Отечественной войне _z1941 - 1945 _jПлакаты _2nlr_sh1 _3RU\NLR\AUTH\66374747 _9991711 |
|
| 686 | _aЩ153(2Р=Рус)7-466 | ||
| 700 | 1 |
_7ca _8rus _aИванов _bВ. С. _cхудожник _f1909-1968 _gВиктор Семенович _3RU\NLR\AUTH\770145769 _4040 _9145733 |
|
| 702 | 1 |
_aБурова _bО. К. _f1911-1988 _gОльга Константиновна _4040 |
|
| 712 | 0 | 2 |
_a"Искусство", издательство _cМосква _3RU\NLR\AUTH\8810147805 _4650 _9790084 |
| 712 | 0 | 2 |
_a"Красный пролетарий", типография _cМосква _3RU\NLR\AUTH\8810047271 _4610 _9594372 |
| 852 | 0 | 0 |
_aNLR _bЭ _jПлИр995/5-142 _mЭпл28578 |
| 856 | 0 | _uhttps://vivaldi.nlr.ru/la000070862/view | |
| 856 | 1 | _uhttps://vivaldi.nlr.ru/la000070862/cover | |
| 856 | 2 | _uhttps://vivaldi.nlr.ru/la000070862/text | |
| 901 | _eИзографические материалы | ||
| 942 | _cVISUAL | ||
| 945 | _aРоссийская национальная библиотека | ||
| 980 | _aBV | ||
| 980 | _aNB | ||
| 981 | 1 | 7 |
_a(17) Изографические материалы _b(17) Плакаты |